MARC details
| 000 -LEADER |
| fixed length control field |
02824cam a2200433 i 4500 |
| 003 - CONTROL NUMBER IDENTIFIER |
| control field |
URS |
| 005 - DATE AND TIME OF LATEST TRANSACTION |
| control field |
20211019105129.0 |
| 006 - FIXED-LENGTH DATA ELEMENTS--ADDITIONAL MATERIAL CHARACTERISTICS |
| fixed length control field |
m o d |
| 008 - FIXED-LENGTH DATA ELEMENTS--GENERAL INFORMATION |
| fixed length control field |
171127t20182018cau ob 001 0 eng d |
| 020 ## - INTERNATIONAL STANDARD BOOK NUMBER |
| International Standard Book Number |
9781440854767 |
| Qualifying information |
(electronic book) |
| 020 ## - INTERNATIONAL STANDARD BOOK NUMBER |
| Canceled/invalid ISBN |
9781440854750 |
| Qualifying information |
(hard copy : alkaline paper) |
| 035 ## - SYSTEM CONTROL NUMBER |
| System control number |
(OCoLC)1014006916 |
| 040 ## - CATALOGING SOURCE |
| Original cataloging agency |
MiFhGG |
| Language of cataloging |
eng |
| Transcribing agency |
MiFhGG |
| Description conventions |
rda |
| -- |
pn |
| 050 #4 - LIBRARY OF CONGRESS CALL NUMBER |
| Classification number |
PN4867.2 |
| Item number |
.M33 2018 |
| 100 1# - MAIN ENTRY--PERSONAL NAME |
| Personal name |
Madison, Ed, |
| Dates associated with a name |
1958- |
| Relator term |
author. |
| 245 10 - TITLE STATEMENT |
| Title |
Reimagining journalism in a post-truth world : |
| Remainder of title |
how late-night comedians, Internet trolls, and savvy reporters are transforming news / |
| Statement of responsibility, etc. |
Ed Madison and Ben DeJarnette ; foreword by Frank Sesno. |
| 264 #1 - PRODUCTION, PUBLICATION, DISTRIBUTION, MANUFACTURE, AND COPYRIGHT NOTICE |
| Place of production, publication, distribution, manufacture |
Santa Barbara, California : |
| Name of producer, publisher, distributor, manufacturer |
Praeger, |
| Date of production, publication, distribution, manufacture, or copyright notice |
[2018] |
| 264 #4 - PRODUCTION, PUBLICATION, DISTRIBUTION, MANUFACTURE, AND COPYRIGHT NOTICE |
| Date of production, publication, distribution, manufacture, or copyright notice |
2018 |
| 300 ## - PHYSICAL DESCRIPTION |
| Extent |
1 online resource (xvi, 193 pages) |
| 336 ## - CONTENT TYPE |
| Content type term |
text |
| Content type code |
txt |
| Source |
rdacontent |
| 337 ## - MEDIA TYPE |
| Media type term |
computer |
| Media type code |
c |
| Source |
rdamedia |
| 338 ## - CARRIER TYPE |
| Carrier type term |
online resource |
| Carrier type code |
cr |
| Source |
rdacarrier |
| 490 0# - SERIES STATEMENT |
| Series statement |
Gale eBooks |
| 504 ## - BIBLIOGRAPHY, ETC. NOTE |
| Bibliography, etc. note |
Includes bibliographical references and index. |
| 505 0# - FORMATTED CONTENTS NOTE |
| Formatted contents note |
Introduction: how journalism became a dirty word -- Reimagining truth: comedians, fake news, and the fate of objectivity -- Reimagining trust: engaged journalism, open reporting, and listening to the public -- Reimagining reach: VICE, Snapchat, and journalism's quest for digital-native news consumers -- Reimagining revenue: paywalls, crowdfunding, and the end of the advertising age -- Reimagining what's next: enduring questions for the future of journalism. |
| 520 ## - SUMMARY, ETC. |
| Summary, etc. |
This book examines how journalism is evolving to meet the demands of digital media, where lies often spread faster than truth, and news consumers expect journalism to be a conversation, not a lecture. Examines the historical roots of journalism's crisis and possible solutions, provides context for the 2016 election's "fake news" phenomenon, and explains what savvy journalists are doing to rebuild trust in real journalism. |
| 588 ## - SOURCE OF DESCRIPTION NOTE |
| Source of description note |
Description based on print version record. |
| 650 #0 - SUBJECT ADDED ENTRY--TOPICAL TERM |
| Topical term or geographic name entry element |
Journalism |
| Geographic subdivision |
United States |
| General subdivision |
History |
| Chronological subdivision |
21st century. |
| 650 #0 - SUBJECT ADDED ENTRY--TOPICAL TERM |
| Topical term or geographic name entry element |
Journalism |
| General subdivision |
Objectivity |
| -- |
History |
| Chronological subdivision |
21st century. |
| 650 #0 - SUBJECT ADDED ENTRY--TOPICAL TERM |
| Topical term or geographic name entry element |
Online journalism |
| Geographic subdivision |
United States |
| General subdivision |
History |
| Chronological subdivision |
21st century. |
| 650 #0 - SUBJECT ADDED ENTRY--TOPICAL TERM |
| Topical term or geographic name entry element |
Television broadcasting of news |
| Geographic subdivision |
United States |
| General subdivision |
History |
| Chronological subdivision |
21st century. |
| 650 #0 - SUBJECT ADDED ENTRY--TOPICAL TERM |
| Topical term or geographic name entry element |
Television talk shows |
| General subdivision |
Political aspects |
| Geographic subdivision |
United States |
| General subdivision |
History |
| Chronological subdivision |
21st century. |
| 650 #0 - SUBJECT ADDED ENTRY--TOPICAL TERM |
| Topical term or geographic name entry element |
Television comedies |
| Geographic subdivision |
United States |
| General subdivision |
Influence. |
| 700 1# - ADDED ENTRY--PERSONAL NAME |
| Personal name |
DeJarnette, Ben, |
| Relator term |
author. |
| 710 2# - ADDED ENTRY--CORPORATE NAME |
| Corporate name or jurisdiction name as entry element |
Gale (Firm) |
| 776 08 - ADDITIONAL PHYSICAL FORM ENTRY |
| Relationship information |
Print version: |
| Title |
Reimagining journalism in a post-truth world. |
| Place, publisher, and date of publication |
Santa Barbara, California : Praeger, [2018] |
| International Standard Book Number |
9781440854750 |
| Record control number |
(DLC) 2017041449 |
| 856 40 - ELECTRONIC LOCATION AND ACCESS |
| Uniform Resource Identifier |
<a href="https://link.gale.com/apps/pub/7JND/GVRL?sid=gale_marc&u=phurs">https://link.gale.com/apps/pub/7JND/GVRL?sid=gale_marc&u=phurs</a> |
| Public note |
Available via Gale eBooks. Click here to access |
| 942 ## - ADDED ENTRY ELEMENTS (KOHA) |
| Source of classification or shelving scheme |
Library of Congress Classification |
| Koha item type |
E-Book |